000
00327nam a22001337a 4500
008
181022b xxu||||| |||| 00| 0 eng d
020
_a
9780534133146
041
_a
eng
080
_2
4th
_a
159.9
100
_a
48
101
_a
PSI
245
_a
Theory and Practice of Counselling and Psychotherapy
_c
Corey,G
942
_2
udc
_c
BK
999
_c
50373
_d
50373